History Quiz

Random History Quiz

Tribal Scholars Hist. Vocabulary 1 Quiz Stats

 Plays Quiz not verified by Sporcle

Score 0/34 Timer 10:00
0 Plays Today
% Correct
monotheism
88.9%
polytheism
83.3%
oral history
82.1%
history
79.5%
Big Bang
79.5%
redshift
79.5%
economic
77.8%
middle ages
77.8%
henotheism
77.8%
atheism
77.8%
prehistory
76.9%
hominins
76.9%
bipedalism
76.9%
modernity
72.2%
Big History
71.8%
agency
71.8%
historicity
71.8%
% Correct
Neolithic Revolution
71.8%
artifact
69.2%
spacetime
66.7%
collective learning
66.7%
revolution
66.7%
anthropocentrism
66.7%
tertiary source
66.7%
social studies
64.1%
historical actor
64.1%
primary source
63%
social
61.1%
political
61.1%
antiquity
61.1%
secondary source
59.3%
threshold
59%
scale
56.4%
counterfactual
55.6%

You're not logged in!

Compare scores with friends on all Sporcle quizzes.
OR
Log In

Sporcle TV

Today on Sporcle TV


Watch our educational content, quiz creation guides, and fun videos on Sporcle TV.

Show Comments

Extras

Top Quizzes Today


Score Distribution

Your Account Isn't Verified!

In order to create a playlist on Sporcle, you need to verify the email address you used during registration. Go to your Sporcle Settings to finish the process.

Report this User

Report this user for behavior that violates our Community Guidelines.

Details: